Structural Analysis : A Unified Classical and Matrix Approach/ (Record no. 1260)

000 -LEADER
fixed length control field 00376 a2200121 4500
020 ## - INTERNATIONAL STANDARD BOOK NUMBER
International Standard Book Number 0415280923
082 ## - DEWEY DECIMAL CLASSIFICATION NUMBER
Classification number 624.17121 GHA
100 ## - MAIN ENTRY--PERSONAL NAME
Personal name Ghali, A.
245 ## - TITLE STATEMENT
Title Structural Analysis : A Unified Classical and Matrix Approach/
Statement of responsibility, etc. A. Ghali, A. M. Neville, T. G. Brown
250 ## - EDITION STATEMENT
Edition statement 5th ed
260 ## - PUBLICATION, DISTRIBUTION, ETC.
Place of publication, distribution, etc. London :
Name of publisher, distributor, etc. SPONS Press,
Date of publication, distribution, etc. 2003
300 ## - PHYSICAL DESCRIPTION
Extent xxiii, 844p. :
Other physical details ill. ;
Dimensions 25 cm
650 ## - SUBJECT ADDED ENTRY--TOPICAL TERM
Topical term or geographic name entry element Structural Analysis
Holdings
Withdrawn status Lost status Damaged status Not for loan Permanent Location Current Location Shelving location Date acquired Total Checkouts Total Renewals Full call number Barcode Checked out Date last seen Date last checked out Price effective from Koha item type
        School of Civil and Environmental Engineering (SCEE) School of Civil and Environmental Engineering (SCEE)     1 1 624.17121 GHA NIT-6655 02/16/2024 10/22/2019 10/22/2019 01/05/2017 Book
        School of Civil and Environmental Engineering (SCEE) School of Civil and Environmental Engineering (SCEE)     1     NIT-1694   04/10/2023 11/30/2021 01/05/2017 Book
        School of Civil and Environmental Engineering (SCEE) School of Civil and Environmental Engineering (SCEE)     1 2   NIT-4314   08/27/2021 10/09/2019 01/05/2017 Book
© 2023 Central Library, National University of Sciences and Technology. All Rights Reserved.